Ernani (Record no. 221789)
[ view plain ]
| 000 -LEADER | |
|---|---|
| fixed length control field | 01454nam a2200313 a 4500 |
| 245 00 - TITLE STATEMENT | |
| Title | Ernani |
| 260 ## - PUBLICATION, DISTRIBUTION, ETC. (IMPRINT) | |
| Place of publication | [Boca Raton, Fla.] : |
| Name of publisher | Opera Journeys Pub., |
| Year of publication | 2011. |
| 300 ## - PHYSICAL DESCRIPTION | |
| Number of Pages | 21 p. |
| 490 0# - SERIES STATEMENT | |
| Series statement | Opera journeys mini guide series |
| 500 ## - GENERAL NOTE | |
| General note | "Music by Giuseppe Verdi ; libretto by Francesco Maria Piave, after Hernani (1830), a play by Victor Hugo." |
| 650 #0 - SUBJECT ADDED ENTRY--TOPICAL TERM | |
| Topical Term | Opera programs. |
| 700 1# - ADDED ENTRY--PERSONAL NAME | |
| Personal name | Fisher, Burton D. |
| Personal name | Piave, Francesco Maria, |
| Personal name | Hugo, Victor, |
| Personal name | Verdi, Giuseppe, |
| 856 40 - ELECTRONIC LOCATION AND ACCESS | |
| Uniform Resource Identifier | http://site.ebrary.com/lib/rucke/Doc?id=10480940 |
No items available.
